000 00692cam a2200181 i 4500
005 20260106084259.0
008 250721s2018 ua gr 000 0 ara d
020 _a9789773725582
082 1 4 _a219
_bو ق ف
245 0 0 _aوقفات تربوية مع السيرة النبوية /
_cجمع وترتيب فضيلة الشيخ الدكتور أحمد فريد.
250 _aالطبعة الاولى.
264 3 1 _aالقاهرة :
_bدار الغد الجديد للطباعة و النشر و التوزيع،
_c2017.
300 _a372 صفحة.
650 1 7 _aالسيرة النبوية.
650 1 7 _aالوعظ والارشاد.
942 _2ddc
_cBK
999 _c141796
_d141796